000 00416nam a2200145Ia 4500
008 220217s9999||||xx |||||||||||||| ||und||
020 _a81-203-0720-8
082 _a621.382 2 OPP
100 _aOppeenheim, Alan, V Schafer, Ronald, W
245 0 _aDiscrete time signal processing
250 _a2nd
260 _aPrentice hall of india
_bNew Delhi
_c2001
300 _b129
650 _aSIGNAL PROCESSING
_9719
999 _c167974
_d167974